Matemt̀icas Bs̀icas 4.® Edicin̤ revisada /

Detalles Bibliográficos
Autor principal: Escudero Trujillo, Rafael
Otros Autores: Rojas ℓlvarez, Carlos
Formato: eBook
Lenguaje:español
Publicado: Bogot:̀ Ediciones de la U, 2015
Edición:4.® Edicin̤ revisada
Materias:
Acceso en línea:Acceso restringido

MARC

LEADER 00000nam a22000007a 4500
005 20210515004521.0
007 cr|||| ||||
008 210515s2015 co |||||s|||| 00||0 spa d
020 |a 978-958-741-625-1 
035 |a 33366 
040 |a vLex 
090 |c 11676  |d 11676 
100 1 |a Escudero Trujillo, Rafael 
245 1 0 |a Matemt̀icas Bs̀icas  |h [Recurso electrn̤ico] :  |b 4.® Edicin̤ revisada /  |c Rafael Escudero Trujillo, Carlos Rojas ℓlvarez 
250 |a 4.® Edicin̤ revisada 
256 |a Servicio en ln̕ea 
260 |a Bogot:̀  |b Ediciones de la U,  |c 2015 
300 |a 1 recurso electrn̤ico 
500 |a Temas como Lg̤ica, Sistemas numřicos, Funciones y variacin̤ son tratados en este texto de uan manera dinìca y creativa con el props̤ito de permitir a los estudiantes potenciar su pensamiento cuantitativo y la aplicacin̤ de este a la vida real. Los talleres y problemas propuestos, as ̕como la metodologa̕ que desarrolla, convierte este texto en una valiosa herramienta que acerca paulatinamente a los alumnos al conocimiento de los aspectos fundamentales de las matemt̀icas bs̀icas. 
506 1 |a Disponible solo en los productos indicados  |d vLex Global  |d vLex Global (Academic Edition, excluding Law Schools)  |d vLex Global (U.S. Academic Edition, Law Schools)  |d vLex Global (U.S. Academic Edition, excluding Law Schools)  |d vLex Global (Academic Edition, Law Schools) 
650 0 4 |a Ciencias aplicadas  |z Colombia 
700 1 |a Rojas ℓlvarez, Carlos 
740 0 |a vLex Libros (Servicio en ln̕ea) 
856 4 0 |u https://vlex.com/source/matematicas-basicas-4-edicion-revisada-33366  |z Acceso restringido 
942 |c BOOK 
999 0 |a Applied Science